000 00517nam a2200181Ia 4500
005 20250508153911.0
008 008 250505s9999 xx 000 0 eng d
037 _aBooks to be hide in OPAC
040 _aFEDL
_beng
_cFEDL
041 _aeng
_2eng
084 _a379.1442, GRE/O
_qFEDL
100 _aOwen Hugh
_9758774
245 0 _aEducation act 1921
260 _aLondon, UK
_bChas, Knight and Company Ltd.
_c1923
300 _a448p.
942 _cHB
_h379.1442, GRE/O
999 _c1346234
_d1346234